Prenoms des personnages principaux de GTA - Statistiques

Statistiques générales
  • Ce quiz a été pris 314 fois
  • Le résultat moyen est 5 sur 15
Statistiques - réponses
GTA Personnage % Correct
GTA V Franklin
87%
GTA V Trevor
73%
GTA San Andreas Carl
66%
GTA IV Niko
65%
GTA Vice City Tommy
49%
GTA V Micheal
42%
GTA III Claude
39%
GTA The Ballad Of Gay Tony Luis
27%
GTA Vice City Stories Victor
21%
GTA II Claude
15%
GTA Liberty City Stories Antonio
8%
GTA Advance Mike
8%
GTA Chinatown Wars Huang
7%
GTA The Lost And Damned Jonathan
5%
GTA London 1969 Sid
3%
Aucun quiz correspondant
Distribution des résultats
% des personnes avec chaque résultat
Percentile par nombre de réponses
Votre historique - résultats
Vous n’avez pas pris ce quiz